000
00229 a2200097 4500
001
34599
100
_a
Grimes, Galen
245
_a
Ten Minute Guide to Microsoft FrontPage 2000
260
_a
ND
_b
PHI
_c
1999
090
_c
22882
_d
22882
942
_a
NUST-CAE
_c
M
_c
14316
999
_c
269672
_d
269672